El pensamiento de un actor colectivo : los profesores reformistas de 1928 /

Articulo que presenta el caso del pensamiento colectivo de los jóvenes maestros primarios que intentaron reformar el sistema educacional en 1928. Su obra fue más fuerte en la apropiación y difusión de la nueva pedagogía activa y paidocéntrica que en una elaboración propia. Destacó más por su volunta...

Descripción completa

Detalles Bibliográficos
Autor principal: Núñez Prieto, Iván
Formato: Analitica de revista
Lenguaje:español
Publicado: Santiago, Chile Pontificia Universidad Católica de Chile 2004

MARC

LEADER 00000cab a2200000 a 4500
001 036392
003 UAHC_CL
005 20210525191305.0
008 030922s1994 cl f 000 spa
952 |0 0  |1 0  |4 0  |6 PENSAMIENTO_EDUCATIVO34_04_000000000000000  |7 0  |8 General  |9 69113  |a BC  |b BC  |c General  |d 2017-08-03  |l 0  |o PENSAMIENTO EDUCATIVO-34/04  |p FICTICIO5014  |r 2019-01-08 00:00:00  |t 1  |w 2017-08-03  |y REVA 
999 |c 36392  |d 36392 
040 |a UAHC_CL  |c UAHC_CL  |d UAHC_CL 
100 |a Núñez Prieto, Iván  |9 5881 
245 1 3 |a El pensamiento de un actor colectivo :  |b los profesores reformistas de 1928 /  |c Iv·n NúÒez Prieto. 
260 |b Pontificia Universidad Católica de Chile  |c 2004  |a Santiago, Chile 
300 |a p. 162-178 
500 |a En: Pensamiento educativo, nû34, 2004. p.162-178. ISSN 07171013. 
520 |a Articulo que presenta el caso del pensamiento colectivo de los jóvenes maestros primarios que intentaron reformar el sistema educacional en 1928. Su obra fue más fuerte en la apropiación y difusión de la nueva pedagogía activa y paidocéntrica que en una elaboración propia. Destacó más por su voluntad transformadora que por su densidad académica. Fue un pensamiento crítico y utópico que tuvo unas fugas aplicación política. Pero trascendió a través de la formación de líderes, de la construcción culterior de un discurso emocional y de nuevos intentos de reformas antes 1973. 
773 0 |t Revista PRELAC  |w 041234 
900 |a PENSAMIENTO EDUCATIVO-34/04 
942 |c REVA  |2 ddc